| 000 | 00395nam a2200169Ia 4500 | ||
|---|---|---|---|
| 005 | 20250423100836.0 | ||
| 008 | 250422s9999 xx 000 0 und d | ||
| 020 | _a0380711710 | ||
| 050 | _aPR 9387 .H37/ | ||
| 100 | _aHarvey, J. | ||
| 245 | 0 | _aRough treatment : a charlie resnick mystery | |
| 260 | _aNew York | ||
| 260 | _bAvon Books | ||
| 260 | _c1990 | ||
| 300 | _a300 p | ||
| 942 | _cBK | ||
| 999 |
_c34503 _d34503 |
||